000 00417nam a22001697a 4500
005 20180813142454.0
008 160629b xxu||||| |||| 00| 0 eng d
020 _a81-7660-059-8
041 _aeng
082 _b10875
_a658.32
100 _aRao, Prof. A.P.
_93249
245 _aLabour Cost and Compasation Management
260 _bEvrest
_c2007
_adelhi
300 _a274p,
650 _aManagement
_9241
942 _cBK
999 _c4784
_d4782